Mıymıntı Atatürk'çüler (Record no. 1358)

MARC details
000 -BAŞLIK
Sabit Uzunlukta Kontrol Alanı 00544na a2200217 4500
001 - KONTROL NUMARASI
Denetim Alanı 14633
003 - KONTROL NUMARASI IDENTIFIER
Denetim Alanı MIRAKIL
005 - SON İŞLEM TARİHİ VE ZAMANI
Denetim Alanı 20181213154820.0
008 - SABİT-BOY VERİ ELEMANLARI - GENEL BİLGİLER
Sabit Uzunlukta Kontrol Alanı 161024b tu 000 0
020 ## - ULUSLARARASI STANDART KİTAP NUMARASI
Uluslararası Standart Kitap Numarası 300015227X
040 ## - KATALOGLAMA KAYNAK
Orijinal Kataloglama Ajansı Milas
Kataloglama Dili tur
Metne Dönüştürmek Ajansı TR-AnCHP
041 ## - DİL KODU
Metin / Ses Parça Veya Ayrı Başlığın Dil Kodu tur
082 ## - DEWEY ONLU SINIFLANDIRMA NUMARASI
Sınıflandırma Numarası 927
Ürün Numarası Ö91m 2004
090 ## - SINIFLAMA NUMARASI
Sınıflama Numarası 927 Ö91m 2004
100 ## - ANA GİRİŞ - KİŞİSEL İSİM
Kişisel Ad Özbey, Ekrem
245 ## - BAŞLIK TABLOSU
Başlık Mıymıntı Atatürk'çüler
Sorumluluk Tablosu, Vb Ekrem Özbey
260 ## - YAYIN, DAĞITIM, VB
Yayın, Dağıtım, Vb Yeri [y.y.]
Yayıncı, Dağıtıcı, Vs Adı [yayl.y.]
Yayın, Dağıtım, Vb Tarihi 2004
300 ## - FİZİKSEL TANIM
Kapsam 275 s.
Boyutlar 20 sm.
650 ## - KONU KATMA GİRİŞ - TOPİKAL DÖNEM
Topikal Süreli Veya Coğrafi Ad Giriş Elemanı Öğretmenler
Genel Alt Bölümü Anılar
942 ## - EKLENDİ GİRİŞ ELEMANLARI (KOHA)
Sınıflandırma Veya Raf Düzeni Kaynak
Koha Öğesi Türü Books
999 ## - SİSTEM KONTROL NUMARALARI (KOHA)
Koha Biblionumber 1358
Koha Biblioitemnumber 1358
Holdings
Kalıcı Konum Mevcut Konum Edinme Tarihi Edinim Kaynak Toplam Check-Out'Lar Tam Çağrı Numarası Barkod Tarih Son Görülme İtibaren Geçerli Fiyatlar Koha Öğesi Türü
CHP Kütüphanesi CHP Kütüphanesi 08/30/2016 Bağış   927 Ö91m 2004 001454 08/30/2016 08/30/2016 Books